00336 2200145 4500245003600000020002200036250001100058100001600069005001900085260004100104041001400145084000800159300001400167336000900181 aMr.PresidentcYuan AcitrahText a978-602-8801-42-3 aCet. 1 aYuan Acitra a20240926081821 aJakartabUfuk Publishing Housec2010 aIndonesia a813 a181 hlm : atext